000 00796nam a22002657a 4500
003 DO-SdBPM
005 20250910104248.0
007 ta
008 171120b1978 mx || 00| 0 spa d
040 _aDO-SdBPM
_bspa
_cBPMSU
_erda
082 4 _a330.122
_bW899c 1978
_222
100 1 _aWoodward, Herbert N.
245 1 3 _aEl capitalismo puede sobrevivir en una economía sin crecimiento /
_cHerbert N. Woodward ; traducción Olga Illanes
260 _aMéxico :
_bGernika,
_c1978.
300 _a189 p. ;
_c22 cm.
490 1 _aEconomía
_v1
505 _aBibliografía : p. 185-189
650 7 _aCapitalismo
650 7 _aCrisis económica.
650 7 _aGobalización
650 7 _aEstado
700 1 _aLlanes, Olga,
_etraductor
910 _aVMateo V. Control de calidad. BPMSU
942 _2ddc
_cBK
999 _c12959
_d12959